Signo sinal (Registo nº 202100)

Detalhes MARC
000 -Etiqueta do registo
Valores 00600nam 22001933 4500
100 ## - Dados gerais de processamento
Dados gerais 20240110d u||y0pory50 ba
200 ## - Titulo e menção de responsabilidade
Título próprio Signo sinal
Informação de outro título romance
Primeira menção de responsabilidade Vergílio Ferreira
210 ## - Publicação
Local de publicação Amadora
Nome do editor Bertrand Editora
Data de publicação imp.1979
215 ## - Descrição física 
Paginação / Volumes 241, [1] p.
Outras indicações físicas brochado
Dimensões 21 cm
225 ## - Colecção 
Título próprio da colecção Obras de Vergílio Ferreira
300 ## - Notas gerais 
Texto da nota Contém dedicatória na folha de guarda
606 ## - Nome comum usado como assunto
Palavra de ordem Literatura Portuguesa
ID Autoridade 6
675 ## - CDU
Notação 821.134.3-3
Edição PT
Língua por
700 ## - Autor principal (pessoa individual)
ID Autoridade 1045
Apelido Ferreira
Nome Vergílio
Datas 1916-1996
801 ## - Fonte de origem
País PT
Agência BMMN
Regras de catalogação RPC
830 ## - Notas gerais do catalogador
Criado por Ana Falardo
Indexado por Ana Falardo
990 ## - Elementos KOHA
Tipo de documento Livro
Exemplares
Situação do levantamento Biblioteca de origem Código de barras Cota Permissão de empréstimo Tipo de documento Nota relativa ao exemplar Forma de aquisição
  Biblioteca Municipal de Montemor-o-Novo 31521 821.134.3-3 FER|SAF   Livro Acesso Condicionado Oferta

Powered by Koha